000 00427cam a2200181ua 4500
020 _c2.00
041 _ahin
_h
082 _a891.54
_bVRU/LA
100 _aVrundavanlal, Varma .
245 _aLagan /
_cVrundavanlal varma.
_hTextual Documents
250 _a1 /
_b.
260 _a :
_bGanga Pustakamala Karyalay ,
_c1964.
300 _a112 ; .
365 _a2.00
504 _a
942 _cBK
999 _c8354
_d8354